000 00506nam a22001817a 4500
003 BD-ChCU
005 20260422130337.0
008 260422b bg ||||| |||| 00| 0 ben d
040 _cBD-ChCU
082 _a330.942 TIS
100 _aTickner , F.W.
_921783
245 _aSocial and industrial history of England ./
_cF.W. Tickner .
250 _a2nd ed.
260 _aLondon :
_bEdward Arnold ,
_cC 1931
300 _aBk . -3
650 0 _aGT. Brit . - Economics History .
_921784
942 _2ddc
_cBK
_n0
999 _c112353
_d112353